000 00769nas a2200253 4500
001 BR2014001726
003 BR-BrBNA
005 20231205123826.0
007 ta
008 230509b bl.|||p| |||| 00| 00por d
040 _aBR-BrBNA
_bpor
_cBiblioteca Nacional de Agricultura
041 _a(Pt)
072 _aQ04
100 1 _aBrunelli, L.T.
100 1 _aVenturini Filho, W.G.
245 1 _aAnálise energética de cerveja elaborada com mel
650 _aBEBIDA ALCÓOLICA
650 _aCOMPOSIÇÃO DE ALIMENTO
650 _aVALOR NUTRITIVO
650 _aVALOR CALÓRICO
773 0 _tEnergia na Agricultura (Brazil)
_xISSN 1808-8759
_g(Apr-Jun 2013), v. 28(2) p. 122-128
_wBR2014001726
909 _a202311
_bLúcia
_c55
_dLúcia Elande
942 _2AGRIS
_n0
_cANA
999 _c235895
_d235895